000
00304 a2200109 4500
001
ART_30497
005
20260410162003.0
008
260409a
245
1
0
_a
Entusiasmo por la inteligencia
100
1
_a
Escudero, Miguel
773
0
_t
Foro polĂtico
_g
- Vol. XIX (abr. 1997)
_w
REV30389
999
_c
31469
_d
31469